Quizzes
Events
Quiz Creation
Community
Videos
Private Events
Remove Ads
Sign In
Join for FREE
Feedback
Dark Mode
Quiz Categories
Sports
Geography
Music
Movies
Television
Just For Fun
Miscellaneous
History
Literature
Language
Science
Gaming
Entertainment
Religion
Holiday
For Kids
Quiz Lab
Recent
Popular Today
Quiz Kudos Today
Editor Picks
Curator Picks
Quizzes by...
Day
Popularity
Type
Ratings
Length
Year
Community
Subscriptions
Recent Discussions
Orange Saloon
Badges
Playlists
Quests
Create
Leaderboards
Showdown
Live 5
Trivia Bingo
Activity
Puzzle Library
Sporcle Events
Private Events
Virtual Trivia
Globe League
Become a Host
Pub Owners
SporcleCon
Opinionation
Our Games
Videos
Blog
Mobile Apps
Partnerships
Remove Ads and Go Orange
Feedback
Literature
Harry Potter
A Song of Ice and Fire
The Hunger Games
Literary Character
Shakespeare
Book
Author
Novel
Poem
Young Adult
Children's Books
Play
Lord of the Rings
Literature
Harry Potter
A Song of Ice and Fire
The Hunger Games
Literary Character
Shakespeare
Book
Author
Novel
Poem
Young Adult
Children's Books
Play
Lord of the Rings
Random Quiz
Search Sporcle
×
Quiz Lab
Quiz Lab
Literature
Clickable
Select answers by clicking on text or image buttons
Select answers by clicking on text or image buttons
Clickable
Best Score? Go Orange.
Second Sentence: Mr. Men and Little Miss Books Stats
Can you pick the Second Sentence: Mr. Men and Little Miss books
By
sarahandchris
6m
18 Questions
259 Plays
259 Plays
259 Plays
Comments
Comments
Give Quiz Kudos
Give Quiz Kudos
-
- Ratings
hide this ad
More Info
Forced Order
Answers have to be entered in order
Answers have to be entered in order
Replay
Link that replays current quiz
Next Quiz
Link to next quiz in quiz playlist
You Got
0%
They Got
Avg Score
83%
Avg Friend Score
Upgrade to see
Score Distribution
Jump to the score distribution portion of the page
Score
0/18
Timer
06:00
0
Plays Today
% Correct
Mr. Greedy
93.1%
Mr. Sneeze
90.3%
Mr. Bounce
90.3%
Mr. Happy
90%
Mr. Bump
90%
Mr. Nosey
88.8%
Mr. Noisy
88.8%
Little Miss Chatterbox
88.8%
Mr. Topsy-Turvy
88.4%
% Correct
Mr. Chatterbox
88%
Mr. Forgetful
86.9%
Mr. Lazy
86.9%
Little Miss Neat
86.5%
Mr. Small
80.7%
Little Miss Splendid
77.2%
Mr. Dizzy
72.6%
Little Miss Tiny
62.2%
Little Miss Sunshine
55.2%
Quiz Playlist
Details
Report
Send in Message
Add To Playlist
More Info:
Can you match Roger Hargreaves' Mr. Men and Little Miss books with their second sentences? *** indicates the title character's name.
Clickable:
Select answers by clicking on text or image buttons
Forced Order:
Answers have to be entered in order
Last Updated: Feb 16, 2017
Quiz Scoreboard
CHALLENGE
Sign Up to Join the Scoreboard
Show All
Scores
Hide
Comments
May contain spoilers
Recently Published
Billboard Blitz: Fleetwood Mac
by CooCooCachoo
Music
15s
Presidents Visiting Landmarks
by Hejman
History
7m
An Introduction to Baseball
by treessimontrees
Sports
5m
More to Explore
Quiz From the Vault
Featured Blog Post
Where Did the Easter Bunny Come From?
hide this ad
You Might Also Like...
Tags
Children's Books Quiz
Clickable Quiz
Children Stories
Little Miss
Mr Men
Roger Hargreaves
second
sentence
Today's Top Quizzes in Literature
Browse Literature
hide this ad
Today's Top Quizzes in Clickable
Browse Clickable
Top Contributed Quizzes in Literature
1
Sneaky Slytherin Logic Puzzle
2
Get The Picture: Black or White Literature
3
5-to-1: Plays
4
A Court of Thorns and Roses (ACoTaR) Logic Puzzle
5
One Thing in Common: Literature
6
One Thing in Common: Literature II
7
One Thing in Common: Books
8
One Thing in Common: Literature 3
9
Harry Potter Neighbourly Logic Puzzle #5
10
Harry Potter Neighbourly Logic Puzzle #6
Explore More
Trending Topics
Crossword
Harry Potter
Marvel
Kpop
Disney
Anime
NBA
The Office
Country
Song
Soccer
Puzzle
NFL
WWE
Pokémon
hide this ad
More By:
sarahandchris
Quiz
Plays
Rating
Category
Featured
Created
Second Sentence: Disney Animated Features
89,018
4.51
Movies
Jun 24, 2014
Second Sentence: Famous Plays
1,744
4.76
Literature
Jul 22, 2014
Second Sentence: Les Miserables
711
5.00
Music
Jul 2, 2014
Second Sentence: Harry Potter Minesweeper
683
3.67
Literature
Jul 22, 2014
Second Sentence: Disney songs
356
4.14
Movies
Jun 23, 2014
Go to Creator's Profile
Score Distribution
Quiz Creator Spotlight
sarahandchris
Follow
Send a Message
Quizzes Created
-
Created Quiz Play Count
-
More By This Creator
Popular Quizzes Today
1
Find the US States - No Outlines Minefield
2
Find the Countries of Europe - No Outlines Minefield
3
The Countries of the World
4
Find the US States
5
US States
6
Risky Map Clicking: Biggest States A-Z
7
Popular People in 1961
8
Movies - When Are They Set?
More Literature Quizzes
Mononymic Writer Match-Up
Editor's Pick
Trending Quizzes
Risky Map Clicking: Least Populous States A-Z
1-10 Letter G Words
1-10 Letter F Words
Risky Map Clicking: Next State Alphabetically
Risky Map Clicking: Biggest States A-Z
Recently Updated
Leaping Animals
pecheneg
Reality TV Shows (A-Z)
bhenderson79
Rickey Henderson's Hall of Fame Teammates
pecheneg
Champions League XIs: Arsenal
pecheneg
Quick Pick: Celebrities in WWE's Hall of Fame
aduchscher
A-Z Keypad Blitz II
pecheneg
Multiple Oscar Actors
pecheneg
Mystery Phrase Blitz: Oscar 'Best Actors'
pecheneg
F. Scott Fitzgerald Novels
LTH
Pick 3 Villains
ddd62291
Trending Topics
Kpop
Crossword
NBA
Anime
Marvel
Disney
Harry Potter
Pokémon
Puzzle
Country
The Office
WWE
Song
NFL
Soccer
Your Account Isn't Verified!
In order to create a playlist on Sporcle, you need to verify the email address you used during registration. Go to your
Sporcle Settings
to finish the process.
Report this User
Report this user for behavior that violates our
Community Guidelines
.
Details:
Send Report
Go to the Sporcle.com Mobile Site →
Comments